000 01138cad a22002535a 4500
001 L153901
008 110919e20110902xxkd f s 000 0 eng d
035 _a(Sirsi) u153901
041 0 _aeng
050 0 4 _a333.33 $2 18
110 2 _aRoyal Institution of Chartered Surveyors
_bEconomics
_95033
245 0 0 _aRICS global real estate weekly
_b2 September 2011
_h[electronic resource]
260 _aLondon
_bRICS
_c2011
490 0 _aRICS Global Real Estate Weekly
_v2 September 2011
520 _aChinese investment remains elevated. Portuguese housing market outlook is deteriorating. Polish economy strong but downside risks are increasing. Canadian residential construction still robust.
590 _aKA
650 2 4 _aRICS GLOBAL REAL ESTATE WEEKLY
651 4 _aInternational
690 _aPROPERTY-COMMERCIAL PROPERTY-COMMERCIAL PROPERTY MARKET
690 _aPROPERTY-RESIDENTIAL PROPERTY-RESIDENTIAL PROPERTY MARKET
690 _aBUILT ENVIRONMENT-CONSTRUCTION MARKET
856 4 0 _uhttps://www.rics.org/site/download_feed.aspx?fileID=10316&fileExtension=PDF
_zView the report free of charge at www.rics.org
942 _n0
999 _c112756
_d112756